000 01452cam a2200397 i 4500
008
020 _a9781455711376 (hardback)
040 _aNUST
_cNUST
049 _aMAIN
090 _aRG526
_bCRE
245 0 0 _aCreasy and Resnik's maternal-fetal medicine :
_bprinciples and practice /
_ceditors, Robert K. Creasy ; Robert Resnik ; Jay D. Iams ; Charles J. Lockwood ; Thomas R. Moore and Michael F. Greene.
250 _aSeventh edition.
264 1 _aPhiladelphia, PA :
_bElsevier/Saunders,
_c2014.
300 _axxiv, 1294 pages :
_billustrations (some colour) ;
_c29 cm.
336 _atext
_2rdacontent
337 _aunmediated
_2rdamedia
338 _avolume
_2rdacarrier
500 _aIncludes index.
504 _aIncludes bibliographical references.
650 0 _aObstetrics.
650 0 _aPerinatology.
650 1 2 _aFetal Diseases.
650 2 2 _aFetus
_xphysiology.
650 2 2 _aPregnancy
_xphysiology.
650 2 2 _aPregnancy Complications.
650 2 2 _aPrenatal Diagnosis.
700 1 _aCreasy, Robert K.,
_eeditor of compilation.
700 1 _aResnik, Robert,
_eeditor of compilation.
700 1 _aGreene, Michael F.,
_eeditor of compilation.
700 1 _aIams, Jay D.,
_eeditor of compilation.
700 1 _aLockwood, Charles J.,
_eeditor of compilation.
907 _a.b10399082
_b27-01-20
_c27-01-20
003
005 20230120204248.0
942 _cBOOKS
_kRG526
_mCRE
999 _c120041
_d120041